| 000 | 01163nam a2200133Ia 4500 | ||
|---|---|---|---|
| 008 | 220216s9999 xx 000 0 und d | ||
| 100 | _aHo A S | ||
| 245 | 0 | _aPrimary processing: Sawing and peeling of rubberwood | |
| 260 |
_bRubberwood Processing and Utilization, Kuala Lumpur, Malaysia, 1994; p61-84 _c1994 |
||
| 520 | _aThe paper presents the structure and components of different types of sawmills, sawing systems and milling operations followed in rubber wood processing. Different saw mills such as Gang saw system, mobile sawing system, mobile circular saw system etc. are discussed. Statistical analysis on the recovery of sawn timber from different clones of different diameter and age group is included and special emphasis also given to the natural defects of rubber wood like knots, warping and tapping panel marks etc. which are influencing the recovery of sawn timber. The procedure of peeling of rubber wood logs which include process like debarking and bucking, log charging, peeling, veneer processing and the problems in peeling of logs is also presented in this paper. | ||
| 650 | _aRubberwood processing | ||
| 700 | _aRoslan Ali | ||
| 942 | _cBO | ||
| 999 |
_c48138 _d48138 |
||